Städte und Gemeinden im Landkreis Holzminden mit Karte - Statistiken

Allgemein
  • Dieses Quiz wurde 113 mal gespielt
  • Das Durchschnittsergebnis liegt bei 16 aus 32
Antworten auf der Karte
Die Antworten werden auf der Karte rot bzw. grün angezeigt, abhängig davon wie oft sie richtig erraten wurden.
 
Antwortstatistiken
Stadt oder Gemeinde % Korrekt
Holzminden
100%
Bodenwerder
74%
Stadtoldendorf
71%
Bevern
68%
Polle
68%
Fürstenberg
65%
Eschershausen
61%
Boffzen
55%
Halle
55%
Heinsen
55%
Ottenstein
55%
Arholzen
52%
Delligsen
52%
Golmbach
52%
Negenborn
52%
Deensen
48%
Brevörde
45%
Derental
45%
Lauenförde
45%
Wangelnstedt
45%
Heinade
42%
Lenne
42%
Eimen
39%
Hehlen
39%
Lüerdissen
39%
Dielmissen
35%
Holenberg
35%
Kirchbrak
35%
Heyen
32%
Holzen
32%
Pegestorf
32%
Vahlbruch
32%
Keine übereinstimmenden Quizze gefunden
Verteilung der Resultate
Anzahl Personen mit jedem Resultat
Perzentil nach korrekt beantworteten Fragen
Ihre Resultats-Entwicklung
Sie haben dieses Quiz noch nicht gespielt